|
|
|
|
| LEADER |
00000nam0a2200000 4500 |
| 001 |
144389 |
| 005 |
20231101221107.0 |
| 010 |
|
|
|a 9785902665175
|
| 035 |
|
|
|a (RuTPU)RU\TPU\book\156479
|
| 090 |
|
|
|a 144389
|
| 100 |
|
|
|a 20081002d2008 m y0rusy50 ca
|
| 101 |
0 |
|
|a rus
|
| 102 |
|
|
|a RU
|
| 105 |
|
|
|a a j 001zy
|
| 200 |
1 |
|
|a Методы теории перколяции в подземной гидромеханике
|e учебное пособие
|f В. В. Кадет
|
| 210 |
|
|
|a Москва
|c ЦентрЛитНефтеГаз
|d 2008
|
| 215 |
|
|
|a 96 с.
|c ил.
|
| 225 |
1 |
|
|a Высшее нефтегазовое образование
|
| 320 |
|
|
|a Литература: с. 93-94.
|
| 330 |
|
|
|a Изложены основные идеи и принципы теории перколяции - науки о поведении и свойствах неоднородных сред, в том числе пористых горных пород, - а также построения перколяционных моделей процессов переноса в таких средах. Представлены принципиально новые математические модели, позволяющие проводить как качественные оценки, так и количественные расчеты основных характеристик многофазных фильтрационных процессов. Для студентов высших учебных заведений, обучающихся по специальностям 130503 «Разработка и эксплуатация нефтяных и газовых месторождений», 130504 «Бурение нефтяных и газовых скважин» направления подготовки дипломированных специалистов 130500 «Нефтегазовое дело» и по направлению подготовки магистров 130500 «Нефтегазовое дело», а также целого ряда смежных специальностей - 130401 «Физические процессы нефтегазового производства», 010501 «Прикладная математика», магистрантов и аспирантов, преподавателей, широкого круга инженеров и научных работников. Издание подготовлено на кафедре нефтегазовой и подземной гидромеханики РГУ нефти и газа им. И. М. Губкина на базе курса лекций, читаемых автором в течение ряда лет.
|
| 606 |
1 |
|
|a Нефтяная гидравлика подземная
|2 stltpush
|3 (RuTPU)RU\TPU\subj\45907
|9 65096
|
| 610 |
1 |
|
|a нефтегазовая промышленность
|
| 610 |
1 |
|
|a подземная гидромеханика
|
| 610 |
1 |
|
|a перколяция
|
| 610 |
1 |
|
|a пористые среды
|
| 610 |
1 |
|
|a решеточные модели
|
| 610 |
1 |
|
|a флюиды
|
| 610 |
1 |
|
|a аналитическое описание
|
| 610 |
1 |
|
|a многофазные течения
|
| 610 |
1 |
|
|a различные режимы
|
| 610 |
1 |
|
|a фазовые проницаемости
|
| 610 |
1 |
|
|a фильтрация
|
| 610 |
1 |
|
|a учебные пособия
|
| 610 |
1 |
|
|a месторождения
|
| 610 |
1 |
|
|a бурение
|
| 610 |
1 |
|
|a нефть
|
| 610 |
1 |
|
|a газ
|
| 610 |
1 |
|
|a нефтегазовое дело
|
| 675 |
|
|
|a 622.276:532(075.8)
|v 3
|
| 700 |
|
1 |
|a Кадет
|b В. В.
|g Валерий Владимирович
|
| 801 |
|
1 |
|a RU
|b 63413507
|c 20081002
|g PSBO
|
| 801 |
|
2 |
|a RU
|b 63413507
|c 20150723
|g PSBO
|
| 900 |
|
|
|a Подземная гидромеханика
|
| 900 |
|
|
|a Гидромеханика в бурении
|
| 942 |
|
|
|c BK
|
| 951 |
|
|
|b 130503
|b 130504
|b 130500
|
| 959 |
|
|
|a 86/20081002
|d 2
|e 595,00
|f ЧЗТЛ:1
|f АНЛ:1
|